Loading...

Selected poems of Alice Meynell

Bibliographic Details
Main Author: Meynell, Alice
Format: Printed Book
Language:English
Published: London : the nonesuch press , c1965.
LEADER 00434nam a22001217a 4500
008 170401b xxu||||| |||| 00| 0 eng d
100 |a Meynell, Alice 
245 |a Selected poems of Alice Meynell 
260 |a London :  |b the nonesuch press ,  |c c1965. 
300 |b 64p. 
942 |c BK 
999 |c 197455  |d 197455 
952 |0 0  |1 0  |4 0  |6 821_800000000000000_MEY_S  |7 0  |9 218313  |a ENG  |b ENG  |c ST1  |d 2017-04-01  |i 11436  |l 0  |o 821.8 MEY/S  |p ENG11436  |r 2017-04-01  |w 2018-08-21  |y BK